1276 1485 1348 1308 1843 1586 1043 1039 1055 1430 1022 1502 1087 1128 1940 1924 1521 1122 1220 1701 1079 1201 1986 1844 1926 1269 1950 1889 1884 1487 1695 1039 1819 1084 1594 1101 1072 1796 1543 1098 1914 1417 1138 1900 1323 1846 1798 1234 1047 1654 1104 1314 1057 1234 1750 1070 1700 1526 1793 1861 1813 1133 1592 1225 1687 1281 1635 1968 1706 1294 1534 1118 1851 1072 1070 1759 1639 1493 1260 1871 1598 1738 1749 1926 1907 1910 1583 1674 1673 1077 1678 1626 1728 1549 1838 1935 1572 1669 1377 BCNSPRNW ULIB Ver.6.0+V

เปลี่ยนเป็นภาษาไทย

Change to English
 แสดงรายละเอียดบรรณานุกรม
  กลับหน้าหลัก

Brief Record : Get Marc (ISO 2709) : E-mail record : QR code < ปิดหน้าต่าง
LEADER : 00000nam 2200000uu 4500
001    13399124473
003     ULIB
008    150803s2558||||th 000 0 tha d
020    ^a9786163486950
060 04 ^aWY101^bส743ก
100 0  ^aวราภรณ์ บุญเชียง^xบรรณาธิการ
245 10 ^aการรักษาพยาบาลเบื้องต้น :^bคู่มือทบทวนสอบใบประกอบวิชาชีพพยาบาล /^cบรรณาธิการ, วราภรณ์ บุญเชียง และ วิลาวัณย์ เตือนราษฎร์
250    ^aพิมพ์ครั้งที่ 2
260    ^aกรุงเทพฯ;^bนีโอดิจิตอล,^c2558
300    ^a167 หน้า :^bภาพประกอบ
500    ^aพื้นฐานการพยาบาล
505 0  ^a1.การซักประวัติและวิธีตรวจร่างกาย 2.การวินิจฉัยแยกโรคจากผลตรวจทางห้องปฏิบัติการ 3.การรักษาพยาบาลเบื้องต้นทางอายุรกรรม 4.การรักษาพยาบาลเบื้องต้นทางศัลยกรรม 5.การพยาบาลผู้ป่วยฉุกเฉิน 6.การพยาบาลเบื้องต้นทางต หู คอ จมูก 7.การใช้ยาเพื่อการรักษาเบื้องต้น
650  4 ^aใบประกอบวิชาชีพ
650  4 ^aการพยาบาล
650  4 ^aสอบใบประกอบวิชาชีพ
650  4 ^aทบทวนใบประกอบวิชาชีพ
700 0  วิลาวัณย์ เตือนราษฎร์^xบรรณาธิการ
945    ^p220^l0^i23024
945    ^p220^l0^i23025
999    ^aทศพร เกษรทอง
รายการนี้ยังไม่มีแท็ก
คุณยังไม่ได้ล็อกอิน คุณสามารถมีกิจกรรมร่วมกับเว็บไซต์ได้ แต่ต้องล็อกอินก่อน ::
  ล็อกอิน

รายการสื่อสารสนเทศ

ลำดับที่ ประเภท เลขเรียก/บาร์โค้ด สถานที่ สถานะ
1. Book การพยาบาล
หนังสือสำรอง
สถานะ=หนังสือสำรอง
WY101 ส743ก ฉ.1 
  Barcode: 23024
ห้องสมุดวิทยาเขตนครสวรรค์
►ส่วนจัดเก็บหนังสือเก่า นว.
บนชั้น
  ขอยืม
2. Book การพยาบาล
Book การพยาบาล
WY101 ส743ก ฉ.2 
  Barcode: 23025
ห้องสมุดวิทยาเขตนครสวรรค์
►ส่วนจัดเก็บหนังสือเก่า นว.
บนชั้น
  ขอยืม

รายการใกล้เคียง
    หัวเรื่อง [ใบประกอบวิชาชีพ]
    หัวเรื่อง [การพยาบาล]
    หัวเรื่อง [สอบใบประกอบวิชาชีพ]
    หัวเรื่อง [ทบทวนใบประกอบวิชาชีพ]

BibComment


ยังไม่เคยถูกคอมเมนท์

คอมเมนท์ทรัพยากรรายการนี้
  คอมเมนท์: การรักษาพยาบาลเบ..


 Copyright 2026. Bcnsprnw @Library